000 02120nam a2200493 i 4500
001 32266
003 KOSZ 005
005 20221117103332.0
008 980702s1995 pl |000 0 pol
015 _aPB 1996/6574
020 _a8386467142
040 _aWA N
_cWA N
_dKOSZ 005/HR
041 1 _apol
_heng
046 _k1995
080 _a341.24
080 _a349.6
080 _a628.5
080 _a(094.2)
245 0 0 _aKonwencja w sprawie zapobiegania dużym awariom przemysłowym ; Zalecenie w sprawie zapobiegania dużym awariom przemysłowym /
_cpod red. Stanisława Wajdy i Janusza Żurka ; [tł. z ang. Wanda Kacprzyk, Mieczysław Borysiewicz] ; Instytut Ochrony Środowiska.
260 _aWarszawa :
_bAgencja Informacyjna GEA,
_c[1995].
300 _a20 s. ;
_c24 cm.
336 _2rdacontent
_aTekst
_btxt
337 _2rdamedia
_aBez urządzenia pośredniczącego
_bn
338 _2rdacarrier
_aWolumin
_bnc
380 _aKsiążki
388 _a1901-2000
388 _a1989-2000
490 1 _aKonwencje Międzynarodowe i Uchwały Organizacji Międzynarodowych ;
_vz. 9.
500 _aPrzekł. tekstów opubl. przez Międzynarodową Organizację Pracy pt. : International Labour Conference. Convention 174 oraz International Labour Conference. Recommendation 181.
610 2 4 _aMiędzynarodowa Organizacja Pracy
650 4 _aAwarie przemysłowe
650 4 _aPrawo ochrony środowiska międzynarodowe
650 4 _aUmowy międzynarodowe gospodarcze
658 _aOchrona środowiska
658 _aPrawo i wymiar sprawiedliwości
700 1 _aŻurek, Janusz
_eRedakcja
700 1 _aWajda, Stanisław
_c(prawo)
_eRedakcja
700 1 _aKacprzyk, Wanda
_eTłumaczenie
700 1 _aBorysiewicz, Mieczysław
_eTłumaczenie
710 2 _aInstytut Ochrony Środowiska
830 0 _aKonwencje Międzynarodowe i Uchwały Organizacji Międzynarodowych
_vz. 9
856 _uhttp://koha.tu.koszalin.pl/cgi-bin/koha/opac-detail.pl?biblionumber=32266
_yKatalog online BPK
942 _2UKD
_cKS
999 _c32266
_d32266